<?xml version="1.0" encoding="UTF-8"?>
<record
    xmlns:xsi="http://www.w3.org/2001/XMLSchema-instance"
    xsi:schemaLocation="http://www.loc.gov/MARC21/slim http://www.loc.gov/standards/marcxml/schema/MARC21slim.xsd"
    xmlns="http://www.loc.gov/MARC21/slim">

  <leader>00495nam a22001457a 4500</leader>
  <datafield tag="999" ind1=" " ind2=" ">
    <subfield code="c">11872</subfield>
    <subfield code="d">11872</subfield>
  </datafield>
  <controlfield tag="008">230905b           ||||| |||| 00| 0 eng d</controlfield>
  <datafield tag="020" ind1=" " ind2=" ">
    <subfield code="a">9780323524599</subfield>
  </datafield>
  <datafield tag="082" ind1=" " ind2=" ">
    <subfield code="2">8th ed.</subfield>
    <subfield code="a">WY100.1K9601s2019</subfield>
  </datafield>
  <datafield tag="100" ind1=" " ind2=" ">
    <subfield code="a">Kumagai, Candice.-</subfield>
  </datafield>
  <datafield tag="245" ind1=" " ind2=" ">
    <subfield code="a">Foundations and Adult Health Nursing :</subfield>
    <subfield code="b">Study Guide Cooper and Gosnell /</subfield>
    <subfield code="c">Candice Kumagai</subfield>
  </datafield>
  <datafield tag="260" ind1=" " ind2=" ">
    <subfield code="a">U.S.A :</subfield>
    <subfield code="b">Elsevier,</subfield>
    <subfield code="c">c2019.</subfield>
  </datafield>
  <datafield tag="300" ind1=" " ind2=" ">
    <subfield code="a">v,383p.;</subfield>
    <subfield code="b">ill.</subfield>
    <subfield code="c">27cm.</subfield>
  </datafield>
  <datafield tag="650" ind1=" " ind2=" ">
    <subfield code="v">Nursing</subfield>
    <subfield code="x">Practical nursing</subfield>
    <subfield code="y">Nursing--Examinations</subfield>
  </datafield>
  <datafield tag="942" ind1=" " ind2=" ">
    <subfield code="2">ddc</subfield>
    <subfield code="c">BOOK</subfield>
  </datafield>
  <datafield tag="952" ind1=" " ind2=" ">
    <subfield code="0">0</subfield>
    <subfield code="1">0</subfield>
    <subfield code="2">ddc</subfield>
    <subfield code="4">0</subfield>
    <subfield code="7">0</subfield>
    <subfield code="a">FOM</subfield>
    <subfield code="b">FOM</subfield>
    <subfield code="d">2023-09-05</subfield>
    <subfield code="e">donation (book aid)</subfield>
    <subfield code="i">0041844</subfield>
    <subfield code="l">0</subfield>
    <subfield code="o">WY100.1K9601s2019</subfield>
    <subfield code="p">FOM23090001</subfield>
    <subfield code="r">2023-09-05 00:00:00</subfield>
    <subfield code="w">2023-09-05</subfield>
    <subfield code="y">BOOK</subfield>
  </datafield>
</record>
